000 00946cam a2200289 a 4500
001 15343177
005 20180227091334.0
008 080625s2008 nyua b 001 0 eng d
010 _a 2008299793
015 _aGBA824838
_2bnb
016 7 _a014536665
_2Uk
020 _a9780071598286 (hbk.)
020 _a0071598286 (hbk.)
035 _a(OCoLC)ocn213110040
040 _aUKM
_cUKM
_dBAKER
_dBWX
_dBTCTA
_dHNW
_dYDXCP
_dHUH
_dDLC
041 _aeng
042 _alccopycat
080 _a658.4012 PRA
082 0 4 _a658.4012 PRA
_222
100 1 _a54
101 _aMEN
245 1 4 _aThe new age of innovation :
_cC.K. Prahalad, M.S. Krishnan.
504 _aIncludes bibliographical references (p. 259-265) and index.
906 _a7
_bcbc
_ccopycat
_d2
_encip
_f20
_gy-gencatlg
942 _2ddc
_cBK
999 _c43640
_d43640